000 00845nam a22002417a 4500
003 OSt
005 20250815033144.0
008 250815b |||||||| |||| 00| 0 eng d
020 _a978-971-9655-28-2
040 _aDWC-Main Lib
_cOC
082 _aFil. 302.224 Z22p 2023
100 _aZoleta, Maria Antoneita G.
245 _aPurposive communication/
_cMaria Antoneita G. Zoleta & Imelda N. Binay-an
250 _aRevised edition
260 _aIntrmuros, Manila, Philippines :
_bMindshapers Co. Inc.,
_cc2023.
300 _avi, 220 pages :
_billustrations ;
_c26cm.
504 _aIncludes bibliographical references.
650 _a1. Communication process.
650 _a2. Language Art ( Communication skills).
650 _a3. Oral communication.
700 _aBinay-an, Imelda N.
942 _2ddc
_cBK - FIL
_eRevised edition
_kFil.
_n0
999 _c3963
_d3963